Las Siete Partidas / (Record no. 22081)

MARC details
000 -LEADER
campo de control de longitud fija 01262nam a2200289 i 4500
001 - NÚMERO DE CONTROL
campo de control 22081
003 - IDENTIFICADOR DE NÚMERO DE CONTROL
campo de control ES-MaACL
005 - FECHA Y HORA DE LA ÚLTIMA TRANSACCIÓN
campo de control 20260301183426.0
007 - CAMPO FIJO DE DESCRIPCIÓN FÍSICA--INFORMACIÓN GENERAL
campo de control de longitud fija t|
008 - DATOS DE LONGITUD FIJA--INFORMACIÓN GENERAL
campo de control de longitud fija 021129s1875 sp ||||1| spa d
080 ## - NÚMERO DE LA CLASIFICACIÓN DECIMAL UNIVERSAL
Número de la Clasificación Decimal Universal 34(460)"12"(094.4)
245 04 - MENCIÓN DEL TÍTULO
Título Las Siete Partidas /
Mención de responsabilidad, etc. compendiadas y anotadas por Don José Muro Martínez ; editor Don Mariano Muro López Salgado.
260 ## - PUBLICACIÓN, DISTRIBUCIÓN, ETC.
Lugar de publicación, distribución, etc. Valladolid :
Nombre del editor, distribuidor, etc. Imp., Librería... y Taller de Grabado de Gaviria y Zapatero,
Fecha de publicación, distribución, etc. 1875.
300 ## - DESCRIPCIÓN FÍSICA
Extensión 2 v. (XLIV, 581 p. ; 452 p.) :
Otras características físicas il. ;
Dimensiones 23 cm.
505 8# - NOTA DE CONTENIDO CON FORMATO
Nota de contenido con formato Contiene: I. Partidas primera, segunda y tercera - II. Partidas cuarta, quinta, sexta y séptima
530 ## - NOTA DISPONIBLE DE FORMULARIO FÍSICO ADICIONAL
Nota de formato físico adicional disponible Disponible en formato digital.
594 ## - Nota al título y mención de responsabilidad
Nota al título y mención de responsabilidad Formadas por Alfonso X, el Sabio, y publicadas por Alfonso XI
597 ## - NOTA DE DESCRIPCIÓN FÍSICA
NOTA DE DESCRIPCIÓN FÍSICA Retrato de Alfonso X
650 #7 - PUNTO DE ACCESO ADICIONAL DE MATERIA--TÉRMINO DE MATERIA
Término de materia o nombre geográfico como elemento de entrada Derecho-
Subdivisión geográfica Castilla (Reino)
Fuente del encabezamiento o término
9 (RLIN) 165029
700 0# - ENTRADA AGREGADA--NOMBRE PERSONAL
Nombre de persona Alfonso
Numeración X,
Títulos y otros términos asociados al nombre Rey de Castilla
9 (RLIN) 19872
700 0# - ENTRADA AGREGADA--NOMBRE PERSONAL
Nombre de persona Alfonso
Numeración XI,
Títulos y otros términos asociados al nombre Rey de Castilla
9 (RLIN) 19873
700 1# - ENTRADA AGREGADA--NOMBRE PERSONAL
Nombre de persona Muro Martínez, José.
9 (RLIN) 84614
700 1# - ENTRADA AGREGADA--NOMBRE PERSONAL
Nombre de persona Muro López Salgado, Mariano.
9 (RLIN) 173792
852 4# - LOCALIZACIÓN
Ubicación ES-MaACL
Número de control de estantería G-7990-91
856 4# - LOCALIZACIÓN Y ACCESO ELECTRÓNICOS
Identificador Uniforme de Recursos <a href="https://bibliotecadigital.jcyl.es/es/consulta/registro.do?id=30087">https://bibliotecadigital.jcyl.es/es/consulta/registro.do?id=30087</a>
Nota pública Biblioteca Digital de Castilla y León
Holdings
Estatus retirado Estado de pérdida Estado de daño No para préstamo Colección Biblioteca de origen Biblioteca actual Ubicación en estantería Fecha de adquisición Fuente de adquisición Total de préstamos Signatura topográfica completa Código de barras Visto por última vez Precio de reemplazo Tipo de ítem Koha
        Colección digital Biblioteca del Ateneo de Madrid Biblioteca del Ateneo de Madrid Sala Pecera Planta 3 17/01/2008     G-7990-91 1022695 23/02/2023 23/02/2023 Libro impreso antiguo